00000000nam 2200000zi 4500
0019.946151
003CaOODSP
00520250822134934
006m     o  d f      
007cr |n|||||||||
008241213e20240331abc     ob   f000 0 fre d
020 |a9780660748917
040 |aCaOODSP|bfre|erda|cCaOODSP
043 |an-cn-bc|an-cnp--
0861 |aIu98-4/4-2025F-PDF
24500|aÉvaluation des Services de développement des entreprises autochtones (SDEA).
264 1|aEdmonton AB : |bDéveloppement économique Canada pour les Prairies (PrairiesCan), |c31 mars 2024.
264 4|c©2024
300 |a1 ressource en ligne (23 pages)
336 |atexte|btxt|2rdacontent/fre
337 |ainformatique|bc|2rdamedia/fre
338 |aressource en ligne|bcr|2rdacarrier/fre
500 |aPublié aussi en anglais sous le titre : Evaluation of the Indigenous Business Development Services (IBDS).
504 |aComprend des références bibliographiques.
650 6|aAide de l'État aux autochtones|zCanada (Ouest)|xÉvaluation.
650 6|aEntreprises autochtones|zCanada (Ouest)|xFinances|xÉvaluation.
650 6|aAide de l'État aux petites et moyennes entreprises|zCanada (Ouest)|xÉvaluation.
650 6|aAutochtones|xServices|zCanada (Ouest)|xÉvaluation.
7101 |aCanada. |bDéveloppement économique Canada pour les Prairies, |eorganisme de publication.
77508|tEvaluation of the Indigenous Business Development Services (IBDS).|w(CaOODSP)9.946149
85640|qPDF|s914 Ko|uhttps://publications.gc.ca/collections/collection_2025/prairiescan/Iu98-4-4-2025-fra.pdf
8564 |qHTML|sS.O.|uhttps://www.canada.ca/fr/developpement-economique-prairies/organisation/transparence/verification-evaluation.html